000 00447nam a2200181Ia 4500
003 IN-BaIIA
008 211028s9999 xx 000 0 eng d
040 _cIIA Library
080 _a523.9
_bHON
100 _aHonore, Charles
_91432
245 0 _aEl sol
_cCharles Honore
260 _aMontevideo
_bImprenta A Vapor De La
_c1897
300 _a230p.
650 _aArchives
650 _aSolar Physics
_91433
650 _aSun
_91200
942 _cBK
999 _c660
_d660